| 000 | 01111cam a2200349 a 4500 | ||
|---|---|---|---|
| 001 | 7054 | ||
| 003 | FISKH | ||
| 005 | 20250619134502.0 | ||
| 008 | 000914s2001 nyua a 000 1 eng | ||
| 010 | _a 00048231 | ||
| 020 | _a0439206383 (pob) | ||
| 040 |
_aDLC _cDLC _dDLC _beng |
||
| 050 | _aPZ8.B177 I | ||
| 082 | _a 813.6 | ||
| 100 | 1 | _aBaker, Liza. | |
| 245 | 1 | 0 |
_aI love you because you're you / _cby Liza Baker ; illustrated by David McPhail. |
| 260 |
_aNew York : _bScholastic, _c2001. |
||
| 300 |
_a26 unnumbered pages : _bcolor illustrations ; _c24 cm |
||
| 500 | _a"Cartwheel Books." | ||
| 505 | _aE | ||
| 520 | _aDescribes, in rhyming text and illustrations, a mother's love for her child no matter how he feels or what he does. | ||
| 521 | 8 |
_a220
_bLexile AD |
|
| 521 | 8 |
_aE
_bRaz-Plus |
|
| 650 | 1 |
_aMother and child _vFiction. |
|
| 650 | 1 |
_aLove _vFiction. |
|
| 650 | 1 |
_aFoxes _vFiction. |
|
| 650 | 1 | _aStories in rhyme. | |
| 700 | 1 |
_aMcPhail, David, _d1940- _eillustrator |
|
| 906 |
_a7 _bcbc _corignew _d1 _eocip _f20 _gy-gencatlg |
||
| 942 |
_2ddc _cBK _n0 |
||
| 999 |
_c7054 _d7054 |
||